A Short History of Pakistan (Record no. 16220)

000 -LEADER
fixed length control field 00803nam a22001697a 4500
005 - DATE AND TIME OF LATEST TRANSACTION
control field 20170105102935.0
020 ## - INTERNATIONAL STANDARD BOOK NUMBER
International Standard Book Number 9694040086
040 ## - CATALOGING SOURCE
Original cataloging agency 0
082 ## - DEWEY DECIMAL CLASSIFICATION NUMBER
Classification number 954.91
Author Mark SHO 2010
245 ## - TITLE STATEMENT
Title A Short History of Pakistan
Remainder of title book One to Four
260 ## - PUBLICATION, DISTRIBUTION, ETC.
Place of publication, distribution, etc. Karachi
Name of publisher, distributor, etc. University of Karachi
Date of publication, distribution, etc. 2010
300 ## - PHYSICAL DESCRIPTION
Extent 952
650 ## - SUBJECT ADDED ENTRY--TOPICAL TERM
Topical term or geographic name entry element Geographical Factors in the History of Pakistan, Sources of Ancient History, Prehistory and Protohistory
650 ## - SUBJECT ADDED ENTRY--TOPICAL TERM
Topical term or geographic name entry element The Age and Culture of the Vedic Aryans, The Age of Compromise: Philosophical and Religious Development, The Achaemenian Age and Alexander's Invasion, The Maurya Age, Foreign invasions and the Age of Great Kushans
650 ## - SUBJECT ADDED ENTRY--TOPICAL TERM
Topical term or geographic name entry element Foreign invasions and the age of the great Kushanas, Kushana Shahis, Hun Shahis and the Age of the Imperial Guptas
942 ## - ADDED ENTRY ELEMENTS (KOHA)
Source of classification or shelving scheme
Koha item type Book
Holdings
Withdrawn status Lost status Damaged status Not for loan Collection code Permanent Location Current Location Shelving location Date acquired Total Checkouts Full call number Barcode Date last seen Price effective from Koha item type
          Centre for International Peace & Stability (CIPS) Centre for International Peace & Stability (CIPS) General Stacks 09/01/2015   954.91 SHO 2010 CIPS0000000 09/01/2015 09/01/2015 Book
© 2023 Central Library, National University of Sciences and Technology. All Rights Reserved.